Turkish foreing policy bibliography (Record no. 4808)

MARC details
000 -BAŞLIK
Sabit Uzunlukta Kontrol Alanı 00835na a2200265 4500
001 - KONTROL NUMARASI
Denetim Alanı 16773
003 - KONTROL NUMARASI IDENTIFIER
Denetim Alanı MIRAKIL
005 - SON İŞLEM TARİHİ VE ZAMANI
Denetim Alanı 20181213155019.0
008 - SABİT-BOY VERİ ELEMANLARI - GENEL BİLGİLER
Sabit Uzunlukta Kontrol Alanı 161013b tu 000 0
020 ## - ULUSLARARASI STANDART KİTAP NUMARASI
Uluslararası Standart Kitap Numarası 13023845
035 ## - SİSTEM KONTROL NUMARASI
Sistem Kontrol Numarası 16773
040 ## - KATALOGLAMA KAYNAK
Orijinal Kataloglama Ajansı Milas
Kataloglama Dili tur
Metne Dönüştürmek Ajansı TR-AnCHP
041 ## - DİL KODU
Metin / Ses Parça Veya Ayrı Başlığın Dil Kodu eng
082 ## - DEWEY ONLU SINIFLANDIRMA NUMARASI
Sınıflandırma Numarası DAN 327.016
Ürün Numarası A92t 2002
090 ## - SINIFLAMA NUMARASI
Sınıflama Numarası DAN 327.016 A92t 2002
100 ## - ANA GİRİŞ - KİŞİSEL İSİM
Kişisel Ad Aydın, Mustafa
245 ## - BAŞLIK TABLOSU
Başlık Turkish foreing policy bibliography
Başlığın Kalan Sources in English, French and Germany
Sorumluluk Tablosu, Vb Mustafa Aydın, Sevim Tezel-Aydın
260 ## - YAYIN, DAĞITIM, VB
Yayın, Dağıtım, Vb Yeri Ankara
Yayıncı, Dağıtıcı, Vs Adı Center For Strategic Research
Yayın, Dağıtım, Vb Tarihi 2002
300 ## - FİZİKSEL TANIM
Kapsam iii, 328 s.
Boyutlar 24 sm.
490 ## - SERİSİ TABLOSU
Seri Beyanı SAM Papers
Hacim / Ardışık Tanımı 1/2002
650 ## - KONU KATMA GİRİŞ - TOPİKAL DÖNEM
Topikal Süreli Veya Coğrafi Ad Giriş Elemanı Dış politika
Genel Alt Bölümü Bibliyografyalar
Coğrafi Alt Bölümü Türkiye
650 ## - KONU KATMA GİRİŞ - TOPİKAL DÖNEM
Topikal Süreli Veya Coğrafi Ad Giriş Elemanı Uluslararası ilişkiler
Genel Alt Bölümü Bibliyografyalar
Coğrafi Alt Bölümü Türkiye
700 ## - KATMA GİRİŞ - KİŞİSEL İSİM
Kişisel Ad Aydın, Sevim Tezel
942 ## - EKLENDİ GİRİŞ ELEMANLARI (KOHA)
Sınıflandırma Veya Raf Düzeni Kaynak Dewey Decimal Classification
Koha Öğesi Türü Books
999 ## - SİSTEM KONTROL NUMARALARI (KOHA)
Koha Biblionumber 4808
Koha Biblioitemnumber 4808
Holdings
Kalıcı Konum Mevcut Konum Edinme Tarihi Edinim Kaynak Seri Numaralandırma / Kronolojik Toplam Check-Out'Lar Tam Çağrı Numarası Barkod Tarih Son Görülme İtibaren Geçerli Fiyatlar Koha Öğesi Türü
CHP Kütüphanesi CHP Kütüphanesi 10/13/2016 Bağış c.7   DAN 327.016 A92t 2002 005714 10/13/2016 10/13/2016 Books